[Event "ODJM B 2024"]
[Site "Willingen GER"]
[Date "2024.05.19"]
[Round "2"]
[White "Uhlmann, Jonas"]
[Black "Li, Joshua"]
[Result "1-0"]
[Termination "normal"]
[Board "36"]
[WhiteElo "1842"]
[BlackElo "1601"]
[WhiteClock "00:05:09"]
[BlackClock "00:25:10"]
[PlyCount "113"]
[WhiteFideId "16258576"]
[BlackFideId "34623639"]
[EventCountry "GER"]
[EventRounds "9"]
[EventType "swiss"]
[EventDate "2024.05.18"]

1. e4 {[%clk 01:30:54]} {[%emt 00:00:04]} c5 {[%clk 01:30:59]} {[%emt
00:00:02]} 2. Nf3 {[%clk 01:31:16]} {[%emt 00:00:08]} e6 {[%clk 01:31:24]}
{[%emt 00:00:05]} 3. g3 {[%clk 01:31:40]} {[%emt 00:00:06]} d5 {[%clk
01:31:41]} {[%emt 00:00:14]} 4. exd5 {[%clk 01:32:03]} {[%emt 00:00:06]} exd5
{[%clk 01:32:05]} {[%emt 00:00:06]} 5. d4 {[%clk 01:32:09]} {[%emt 00:00:24]}
Nc6 {[%clk 01:32:19]} {[%emt 00:00:17]} 6. Bg2 {[%clk 01:31:40]} {[%emt
00:00:58]} Bg4 {[%clk 01:32:35]} {[%emt 00:00:14]} 7. c3 {[%clk 01:32:00]}
{[%emt 00:00:09]} Qf6 {[%clk 01:32:26]} {[%emt 00:00:40]} 8. O-O {[%clk
01:31:15]} {[%emt 00:01:14]} cxd4 {[%clk 01:29:48]} {[%emt 00:03:09]} 9. cxd4
{[%clk 01:29:07]} {[%emt 00:02:38]} Nge7 {[%clk 01:24:54]} {[%emt 00:05:24]}
10. Be3 {[%clk 01:20:06]} {[%emt 00:09:30]} Nf5 {[%clk 01:24:36]} {[%emt
00:00:49]} 11. Nc3 {[%clk 01:18:19]} {[%emt 00:02:16]} Rd8 {[%clk 01:22:29]}
{[%emt 00:02:38]} 12. Bg5 {[%clk 01:14:10]} {[%emt 00:04:39]} Qxg5 {[%clk
01:20:03]} {[%emt 00:02:56]} 13. Nxg5 {[%clk 01:14:34]} {[%emt 00:00:06]} Bxd1
{[%clk 01:20:26]} {[%emt 00:00:06]} 14. Raxd1 {[%clk 01:14:52]} {[%emt
00:00:13]} Be7 {[%clk 01:19:56]} {[%emt 00:01:00]} 15. Nh3 {[%clk 01:12:27]}
{[%emt 00:02:54]} O-O {[%clk 01:18:02]} {[%emt 00:02:25]} 16. Nf4 {[%clk
01:05:15]} {[%emt 00:07:42]} Nfxd4 {[%clk 01:15:19]} {[%emt 00:03:13]} 17.
Nfxd5 {[%clk 00:55:31]} {[%emt 00:10:14]} Bc5 {[%clk 01:13:51]} {[%emt
00:01:57]} 18. Rfe1 {[%clk 00:45:36]} {[%emt 00:10:25]} Rfe8 {[%clk 01:12:24]}
{[%emt 00:01:58]} 19. Rxe8+ {[%clk 00:45:41]} {[%emt 00:00:25]} Rxe8 {[%clk
01:12:39]} {[%emt 00:00:15]} 20. b4 {[%clk 00:39:56]} {[%emt 00:06:15]} Nxb4
{[%clk 01:11:39]} {[%emt 00:01:30]} 21. Na4 {[%clk 00:38:15]} {[%emt 00:02:11]}
Nxd5 {[%clk 01:01:18]} {[%emt 00:10:51]} 22. Nxc5 {[%clk 00:35:13]} {[%emt
00:03:32]} Nc3 {[%clk 01:00:30]} {[%emt 00:01:18]} 23. Rd3 {[%clk 00:30:54]}
{[%emt 00:04:48]} b6 {[%clk 00:58:16]} {[%emt 00:02:45]} 24. Nb3 {[%clk
00:29:06]} {[%emt 00:02:18]} Rd8 {[%clk 00:37:23]} {[%emt 00:21:23]} 25. Kf1
{[%clk 00:27:24]} {[%emt 00:02:10]} Ncb5 {[%clk 00:36:33]} {[%emt 00:01:22]}
26. a4 {[%clk 00:25:20]} {[%emt 00:02:33]} Rd6 {[%clk 00:29:23]} {[%emt
00:07:40]} 27. axb5 {[%clk 00:17:37]} {[%emt 00:08:14]} Nxb5 {[%clk 00:29:29]}
{[%emt 00:00:24]} 28. Ke2 {[%clk 00:11:52]} {[%emt 00:06:15]} Kf8 {[%clk
00:29:19]} {[%emt 00:00:39]} 29. Rxd6 {[%clk 00:08:36]} {[%emt 00:03:47]} Nxd6
{[%clk 00:29:38]} {[%emt 00:00:11]} 30. Bc6 {[%clk 00:08:26]} {[%emt 00:00:40]}
Ke7 {[%clk 00:29:49]} {[%emt 00:00:18]} 31. Kd3 {[%clk 00:07:50]} {[%emt
00:01:07]} Ke6 {[%clk 00:29:23]} {[%emt 00:00:56]} 32. Nd4+ {[%clk 00:05:45]}
{[%emt 00:02:34]} Kf6 {[%clk 00:28:39]} {[%emt 00:01:15]} 33. Nb5 {[%clk
00:03:35]} {[%emt 00:02:40]} Nxb5 {[%clk 00:28:49]} {[%emt 00:00:20]} 34. Bxb5
{[%clk 00:03:52]} {[%emt 00:00:13]} Ke5 {[%clk 00:28:33]} {[%emt 00:00:46]} 35.
f4+ {[%clk 00:04:16]} {[%emt 00:00:06]} Kd6 {[%clk 00:28:47]} {[%emt 00:00:16]}
36. Kd4 {[%clk 00:04:02]} {[%emt 00:00:44]} a5 {[%clk 00:28:26]} {[%emt
00:00:51]} 37. g4 {[%clk 00:04:14]} {[%emt 00:00:18]} f6 {[%clk 00:28:37]}
{[%emt 00:00:19]} 38. h4 {[%clk 00:04:11]} {[%emt 00:00:33]} h6 {[%clk
00:28:27]} {[%emt 00:00:40]} 39. f5 {[%clk 00:04:33]} {[%emt 00:00:07]} Ke7
{[%clk 00:28:02]} {[%emt 00:00:56]} 40. Kd5 {[%clk 00:04:53]} {[%emt 00:00:10]}
Kf7 {[%clk 00:28:09]} {[%emt 00:00:23]} 41. h5 {[%clk 00:05:15]} {[%emt
00:00:08]} Kf8 {[%clk 00:27:04]} {[%emt 00:01:35]} 42. Kc6 {[%clk 00:05:06]}
{[%emt 00:00:39]} Kg8 {[%clk 00:26:56]} {[%emt 00:00:37]} 43. Kxb6 {[%clk
00:02:29]} {[%emt 00:03:07]} Kh8 {[%clk 00:27:00]} {[%emt 00:00:26]} 44. Kxa5
{[%clk 00:02:53]} {[%emt 00:00:07]} Kh7 {[%clk 00:27:24]} {[%emt 00:00:06]} 45.
Bc4 {[%clk 00:03:09]} {[%emt 00:00:14]} Kh8 {[%clk 00:26:58]} {[%emt 00:00:56]}
46. Kb6 {[%clk 00:03:34]} {[%emt 00:00:05]} Kh7 {[%clk 00:26:07]} {[%emt
00:01:21]} 47. Kc7 {[%clk 00:03:57]} {[%emt 00:00:06]} g5 {[%clk 00:24:52]}
{[%emt 00:01:45]} 48. hxg6 {[%clk 00:04:13]} {[%emt 00:00:14]} Kg7 {[%clk
00:25:15]} {[%emt 00:00:07]} 49. Kd7 {[%clk 00:04:31]} {[%emt 00:00:12]} h5
{[%clk 00:24:40]} {[%emt 00:01:05]} 50. gxh5 {[%clk 00:04:52]} {[%emt
00:00:09]} Kf8 {[%clk 00:24:42]} {[%emt 00:00:29]} 51. Bg8 {[%clk 00:04:31]}
{[%emt 00:00:50]} Kg7 {[%clk 00:24:27]} {[%emt 00:00:45]} 52. Ke7 {[%clk
00:04:45]} {[%emt 00:00:16]} Kxg8 {[%clk 00:24:19]} {[%emt 00:00:39]} 53. h6
{[%clk 00:04:16]} {[%emt 00:00:59]} Kh8 {[%clk 00:24:31]} {[%emt 00:00:17]} 54.
g7+ {[%clk 00:04:30]} {[%emt 00:00:17]} Kh7 {[%clk 00:24:30]} {[%emt 00:00:31]}
55. Kf7 {[%clk 00:04:22]} {[%emt 00:00:37]} Kxh6 {[%clk 00:24:50]} {[%emt
00:00:10]} 56. g8=Q {[%clk 00:04:45]} {[%emt 00:00:07]} Kh5 {[%clk 00:25:10]}
{[%emt 00:00:09]} 57. Qg3 {[%clk 00:05:09]} {[%emt 00:00:06]} 1-0

[Event "ODJM B 2024"]
[Site "Willingen GER"]
[Date "2024.05.19"]
[Round "2"]
[White "Stettner, Oskar"]
[Black "Rössling, Laura Marie"]
[Result "1-0"]
[Termination "normal"]
[Board "37"]
[WhiteElo "1672"]
[BlackElo "1599"]
[WhiteClock "00:24:52"]
[BlackClock "00:27:23"]
[PlyCount "111"]
[WhiteFideId "34617035"]
[BlackFideId "16289471"]
[EventCountry "GER"]
[EventRounds "9"]
[EventType "swiss"]
[EventDate "2024.05.18"]

1. e4 {[%clk 01:30:59]} e5 {[%clk 01:30:51]} {[%emt 00:00:09]} 2. Nf3 {[%clk
01:31:28]} {[%emt 00:00:01]} Nc6 {[%clk 01:31:04]} {[%emt 00:00:16]} 3. d4
{[%clk 01:31:57]} {[%emt 00:00:01]} exd4 {[%clk 01:31:03]} {[%emt 00:00:30]} 4.
Bc4 {[%clk 01:32:26]} {[%emt 00:00:02]} Be7 {[%clk 01:24:58]} {[%emt 00:06:35]}
5. Nxd4 {[%clk 01:30:43]} {[%emt 00:02:13]} d6 {[%clk 01:22:54]} {[%emt
00:02:33]} 6. Nc3 {[%clk 01:27:33]} {[%emt 00:03:41]} Nf6 {[%clk 01:22:52]}
{[%emt 00:00:31]} 7. O-O {[%clk 01:26:38]} {[%emt 00:01:27]} O-O {[%clk
01:21:17]} {[%emt 00:02:04]} 8. Be3 {[%clk 01:22:51]} {[%emt 00:04:17]} Ne5
{[%clk 01:18:04]} {[%emt 00:03:37]} 9. Be2 {[%clk 01:18:59]} {[%emt 00:04:24]}
Ng6 {[%clk 01:17:22]} {[%emt 00:01:16]} 10. f3 {[%clk 01:12:31]} {[%emt
00:06:58]} c6 {[%clk 01:07:56]} {[%emt 00:09:52]} 11. Bc4 {[%clk 01:07:24]}
{[%emt 00:05:41]} Re8 {[%clk 01:03:26]} {[%emt 00:04:56]} 12. Bf2 {[%clk
01:00:13]} {[%emt 00:07:46]} Qc7 {[%clk 01:00:16]} {[%emt 00:03:35]} 13. a4
{[%clk 00:56:23]} {[%emt 00:04:25]} b6 {[%clk 00:56:39]} {[%emt 00:04:05]} 14.
Qb1 {[%clk 00:47:12]} {[%emt 00:09:42]} Bb7 {[%clk 00:55:17]} {[%emt 00:01:48]}
15. Qa2 {[%clk 00:46:55]} {[%emt 00:00:52]} Bf8 {[%clk 00:48:56]} {[%emt
00:06:49]} 16. Rad1 {[%clk 00:40:07]} {[%emt 00:06:36]} a6 {[%clk 00:43:10]}
{[%emt 00:06:57]} 17. Nf5 {[%clk 00:24:32]} {[%emt 00:16:06]} b5 {[%clk
00:32:48]} {[%emt 00:10:53]} 18. Bb3 {[%clk 00:22:47]} {[%emt 00:02:15]} c5
{[%clk 00:30:46]} {[%emt 00:02:31]} 19. Nd5 {[%clk 00:21:11]} {[%emt 00:02:07]}
Bxd5 {[%clk 00:29:48]} {[%emt 00:01:27]} 20. Bxd5 {[%clk 00:21:36]} {[%emt
00:00:05]} Nxd5 {[%clk 00:30:05]} {[%emt 00:00:13]} 21. Rxd5 {[%clk 00:19:03]}
{[%emt 00:03:02]} Nf4 {[%clk 00:28:35]} {[%emt 00:01:53]} 22. Rd2 {[%clk
00:18:04]} {[%emt 00:01:37]} Rad8 {[%clk 00:26:23]} {[%emt 00:02:41]} 23. Rfd1
{[%clk 00:15:57]} {[%emt 00:02:38]} g6 {[%clk 00:24:49]} {[%emt 00:02:03]} 24.
Ne3 {[%clk 00:15:07]} {[%emt 00:01:21]} Re6 {[%clk 00:20:37]} {[%emt 00:04:33]}
25. Nd5 {[%clk 00:07:56]} {[%emt 00:07:49]} Nxd5 {[%clk 00:19:10]} {[%emt
00:01:58]} 26. Rxd5 {[%clk 00:08:24]} {[%emt 00:00:02]} Re5 {[%clk 00:18:29]}
{[%emt 00:01:02]} 27. axb5 {[%clk 00:05:54]} {[%emt 00:03:09]} axb5 {[%clk
00:18:21]} {[%emt 00:00:37]} 28. Bg3 {[%clk 00:05:51]} {[%emt 00:00:33]} Rxd5
{[%clk 00:17:35]} {[%emt 00:01:16]} 29. Qxd5 {[%clk 00:06:19]} {[%emt
00:00:02]} Be7 {[%clk 00:17:24]} {[%emt 00:00:39]} 30. Ra1 {[%clk 00:05:28]}
{[%emt 00:01:23]} Qb6 {[%clk 00:14:33]} {[%emt 00:03:20]} 31. Bf2 {[%clk
00:04:22]} {[%emt 00:01:36]} Qc7 {[%clk 00:14:13]} {[%emt 00:00:50]} 32. h3
{[%clk 00:03:45]} {[%emt 00:01:08]} Rb8 {[%clk 00:11:28]} {[%emt 00:03:15]} 33.
Ra6 {[%clk 00:03:50]} {[%emt 00:00:25]} Rb6 {[%clk 00:11:26]} {[%emt 00:00:31]}
34. Ra2 {[%clk 00:03:41]} {[%emt 00:00:41]} Rb7 {[%clk 00:10:07]} {[%emt
00:01:49]} 35. Bg3 {[%clk 00:03:20]} {[%emt 00:00:50]} Qb6 {[%clk 00:09:28]}
{[%emt 00:01:09]} 36. e5 {[%clk 00:03:24]} {[%emt 00:00:26]} dxe5 {[%clk
00:07:07]} {[%emt 00:02:52]} 37. Bxe5 {[%clk 00:03:52]} {[%emt 00:00:02]} Ra7
{[%clk 00:07:03]} {[%emt 00:00:34]} 38. Rxa7 {[%clk 00:03:29]} {[%emt
00:00:53]} Qxa7 {[%clk 00:07:23]} {[%emt 00:00:09]} 39. Qc6 {[%clk 00:03:52]}
{[%emt 00:00:07]} c4+ {[%clk 00:05:49]} {[%emt 00:02:05]} 40. Kf1 {[%clk
00:01:52]} {[%emt 00:02:28]} Qc5 {[%clk 00:05:12]} {[%emt 00:01:07]} 41. Qxc5
{[%clk 00:02:19]} {[%emt 00:00:04]} Bxc5 {[%clk 00:05:33]} {[%emt 00:00:09]}
42. Ke2 {[%clk 00:01:56]} {[%emt 00:00:53]} Kf8 {[%clk 00:05:18]} {[%emt
00:00:43]} 43. b3 {[%clk 00:02:01]} {[%emt 00:00:28]} Ke7 {[%clk 00:04:24]}
{[%emt 00:01:20]} 44. bxc4 {[%clk 00:01:23]} {[%emt 00:01:12]} bxc4 {[%clk
00:04:44]} {[%emt 00:00:10]} 45. Kd2 {[%clk 00:29:46]} {[%emt 00:02:07]} Ke6
{[%clk 00:34:55]} {[%emt 00:00:18]} 46. Bf4 {[%clk 00:28:27]} {[%emt 00:01:47]}
f6 {[%clk 00:32:20]} {[%emt 00:03:01]} 47. Bc7 {[%clk 00:25:48]} {[%emt
00:03:15]} Kd5 {[%clk 00:32:21]} {[%emt 00:00:22]} 48. Kc3 {[%clk 00:25:32]}
{[%emt 00:00:54]} Bf2 {[%clk 00:31:42]} {[%emt 00:01:06]} 49. Kb4 {[%clk
00:25:20]} {[%emt 00:00:45]} Be1+ {[%clk 00:31:38]} {[%emt 00:00:32]} 50. Kb5
{[%clk 00:25:01]} {[%emt 00:00:50]} c3 {[%clk 00:27:47]} {[%emt 00:04:21]} 51.
Bd8 {[%clk 00:24:11]} {[%emt 00:01:21]} Bh4 {[%clk 00:27:14]} {[%emt 00:01:03]}
52. Kb4 {[%clk 00:24:28]} {[%emt 00:00:13]} Ke5 {[%clk 00:27:26]} {[%emt
00:00:17]} 53. g3 {[%clk 00:23:57]} {[%emt 00:01:01]} Bg5 {[%clk 00:26:42]}
{[%emt 00:01:14]} 54. f4+ {[%clk 00:24:26]} {[%emt 00:00:01]} Bxf4 {[%clk
00:27:05]} {[%emt 00:00:06]} 55. gxf4+ {[%clk 00:24:52]} {[%emt 00:00:04]} Kxf4
{[%clk 00:27:23]} {[%emt 00:00:11]} 56. Bxf6 {[%emt 00:00:27]} 1-0

[Event "ODJM B 2024"]
[Site "Willingen GER"]
[Date "2024.05.19"]
[Round "2"]
[White "Pflug, Anton"]
[Black "Klages, Jonas"]
[Result "1/2-1/2"]
[Termination "normal"]
[Board "38"]
[WhiteElo "1655"]
[BlackElo "1693"]
[WhiteClock "00:50:09"]
[BlackClock "00:01:55"]
[PlyCount "91"]
[WhiteFideId "34611495"]
[BlackFideId "34639993"]
[EventCountry "GER"]
[EventRounds "9"]
[EventType "swiss"]
[EventDate "2024.05.18"]

1. e4 {[%clk 01:30:57]} {[%emt 00:00:03]} e6 {[%clk 01:30:58]} {[%emt
00:00:03]} 2. d4 {[%clk 01:31:18]} {[%emt 00:00:09]} d5 {[%clk 01:31:25]}
{[%emt 00:00:03]} 3. e5 {[%clk 01:31:36]} {[%emt 00:00:11]} c5 {[%clk
01:31:52]} {[%emt 00:00:04]} 4. c3 {[%clk 01:32:02]} {[%emt 00:00:04]} Nc6
{[%clk 01:32:16]} {[%emt 00:00:05]} 5. Nf3 {[%clk 01:32:27]} {[%emt 00:00:05]}
Qb6 {[%clk 01:32:41]} {[%emt 00:00:05]} 6. a3 {[%clk 01:32:23]} {[%emt
00:00:34]} cxd4 {[%clk 01:20:38]} {[%emt 00:12:33]} 7. cxd4 {[%clk 01:32:51]}
{[%emt 00:00:02]} Bd7 {[%clk 01:20:09]} {[%emt 00:00:59]} 8. b4 {[%clk
01:32:04]} {[%emt 00:01:17]} a6 {[%clk 01:16:23]} {[%emt 00:04:17]} 9. Bb2
{[%clk 01:30:11]} {[%emt 00:02:23]} Nge7 {[%clk 01:14:04]} {[%emt 00:02:49]}
10. Nc3 {[%clk 01:26:09]} {[%emt 00:04:31]} Ng6 {[%clk 00:58:37]} {[%emt
00:15:57]} 11. Na4 {[%clk 01:20:56]} {[%emt 00:05:42]} Qc7 {[%clk 00:57:02]}
{[%emt 00:02:05]} 12. Rc1 {[%clk 01:17:11]} {[%emt 00:04:15]} f6 {[%clk
00:52:34]} {[%emt 00:04:58]} 13. h4 {[%clk 01:15:54]} {[%emt 00:01:46]} b5
{[%clk 00:45:56]} {[%emt 00:07:08]} 14. Nc5 {[%clk 01:15:49]} {[%emt 00:00:35]}
Bxc5 {[%clk 00:45:32]} {[%emt 00:00:54]} 15. Rxc5 {[%clk 01:16:12]} {[%emt
00:00:07]} Qb6 {[%clk 00:44:22]} {[%emt 00:01:41]} 16. h5 {[%clk 01:15:36]}
{[%emt 00:01:05]} Nge7 {[%clk 00:43:04]} {[%emt 00:01:48]} 17. Bd3 {[%emt
00:14:19]} O-O {[%clk 00:31:45]} {[%emt 00:00:01]} 18. O-O {[%clk 01:08:48]}
{[%emt 00:05:16]} Be8 {[%clk 00:30:21]} {[%emt 00:01:55]} 19. Nh4 {[%clk
01:08:54]} {[%emt 00:00:24]} fxe5 {[%clk 00:26:51]} {[%emt 00:04:00]} 20. dxe5
{[%clk 01:08:48]} {[%emt 00:00:35]} Nd8 {[%clk 00:23:55]} {[%emt 00:03:26]} 21.
Bd4 {[%clk 01:07:09]} {[%emt 00:02:09]} Nec6 {[%clk 00:22:11]} {[%emt
00:02:13]} 22. Be3 {[%clk 01:05:11]} {[%emt 00:02:28]} Qb8 {[%clk 00:18:15]}
{[%emt 00:04:26]} 23. f4 {[%clk 01:01:00]} {[%emt 00:04:41]} Nb7 {[%clk
00:16:46]} {[%emt 00:01:59]} 24. Rc1 {[%clk 00:59:14]} {[%emt 00:02:15]} Qd8
{[%clk 00:15:35]} {[%emt 00:01:41]} 25. Nf3 {[%clk 00:59:12]} {[%emt 00:00:32]}
Rc8 {[%clk 00:14:52]} {[%emt 00:01:13]} 26. Ng5 {[%clk 00:59:13]} {[%emt
00:00:29]} Qe7 {[%clk 00:13:09]} {[%emt 00:02:13]} 27. Nxh7 {[%clk 00:56:15]}
{[%emt 00:03:28]} Rf7 {[%clk 00:12:56]} {[%emt 00:00:43]} 28. Bg6 {[%clk
00:56:21]} {[%emt 00:00:24]} Qh4 {[%clk 00:08:49]} {[%emt 00:04:34]} 29. Bxf7+
{[%clk 00:55:43]} {[%emt 00:01:11]} Bxf7 {[%clk 00:08:47]} {[%emt 00:00:32]}
30. Ng5 {[%clk 00:56:03]} {[%emt 00:00:10]} Nbd8 {[%clk 00:04:13]} {[%emt
00:05:04]} 31. Qd3 {[%clk 00:54:33]} {[%emt 00:02:01]} Qxh5 {[%clk 00:04:19]}
{[%emt 00:00:23]} 32. Bb6 {[%clk 00:53:09]} {[%emt 00:01:54]} Nxe5 {[%clk
00:02:58]} {[%emt 00:01:51]} 33. fxe5 {[%clk 00:52:39]} {[%emt 00:01:00]} Rxc1
{[%clk 00:03:06]} {[%emt 00:00:22]} 34. Rxc1 {[%clk 00:53:02]} {[%emt
00:00:07]} Qxg5 {[%clk 00:03:28]} {[%emt 00:00:07]} 35. Rc8 {[%clk 00:53:22]}
{[%emt 00:00:11]} Bg6 {[%clk 00:02:29]} {[%emt 00:01:30]} 36. Qh3 {[%clk
00:53:27]} {[%emt 00:00:24]} Qxe5 {[%clk 00:02:02]} {[%emt 00:00:57]} 37. Rxd8+
{[%clk 00:53:44]} {[%emt 00:00:14]} Kf7 {[%clk 00:02:21]} {[%emt 00:00:11]} 38.
Qf3+ {[%clk 00:53:52]} {[%emt 00:00:22]} Bf5 {[%clk 00:02:16]} {[%emt
00:00:36]} 39. Qh5+ {[%clk 00:53:58]} {[%emt 00:00:23]} Ke7 {[%clk 00:01:59]}
{[%emt 00:00:47]} 40. Re8+ {[%clk 00:53:48]} {[%emt 00:00:40]} Kd6 {[%clk
00:00:53]} {[%emt 00:01:37]} 41. Bc5+ {[%clk 00:54:07]} {[%emt 00:00:10]} Kc6
{[%clk 00:01:12]} {[%emt 00:00:10]} 42. Qd1 {[%clk 00:50:07]} {[%emt 00:04:31]}
Bc2 {[%clk 00:00:51]} {[%emt 00:00:52]} 43. Qxc2 {[%clk 00:49:55]} {[%emt
00:00:41]} Qe1+ {[%clk 00:01:04]} {[%emt 00:00:17]} 44. Kh2 {[%clk 00:49:32]}
{[%emt 00:00:53]} Qh4+ {[%clk 00:01:28]} {[%emt 00:00:05]} 45. Kg1 {[%clk
00:49:50]} {[%emt 00:00:12]} Qe1+ {[%clk 00:01:55]} {[%emt 00:00:04]} 46. Kh2
{[%clk 00:50:09]} {[%emt 00:00:11]} 1/2-1/2

[Event "ODJM B 2024"]
[Site "Willingen GER"]
[Date "2024.05.19"]
[Round "2"]
[White "Bock, Leonas"]
[Black "Foos, Vanessa"]
[Result "1-0"]
[Termination "normal"]
[Board "40"]
[WhiteElo "1603"]
[BlackElo "1588"]
[WhiteClock "00:41:07"]
[BlackClock "00:39:32"]
[PlyCount "83"]
[WhiteFideId "16287118"]
[BlackFideId "16245270"]
[EventCountry "GER"]
[EventRounds "9"]
[EventType "swiss"]
[EventDate "2024.05.18"]

1. d4 {[%clk 01:30:50]} {[%emt 00:00:10]} Nf6 {[%clk 01:30:56]} {[%emt
00:00:05]} 2. Nf3 {[%clk 01:31:11]} {[%emt 00:00:09]} e6 {[%clk 01:31:00]}
{[%emt 00:00:27]} 3. e3 {[%clk 01:31:24]} {[%emt 00:00:17]} Bb4+ {[%clk
01:31:03]} {[%emt 00:00:27]} 4. Bd2 {[%clk 01:31:17]} {[%emt 00:00:36]} Bxd2+
{[%clk 01:30:38]} {[%emt 00:00:56]} 5. Qxd2 {[%clk 01:31:29]} {[%emt 00:00:17]}
O-O {[%clk 01:30:34]} {[%emt 00:00:35]} 6. Bd3 {[%clk 01:31:45]} {[%emt
00:00:14]} b6 {[%clk 01:30:28]} {[%emt 00:00:36]} 7. c4 {[%clk 01:27:10]}
{[%emt 00:05:05]} Bb7 {[%clk 01:30:27]} {[%emt 00:00:31]} 8. Nc3 {[%clk
01:27:13]} {[%emt 00:00:26]} d5 {[%clk 01:29:36]} {[%emt 00:01:21]} 9. O-O
{[%clk 01:26:53]} {[%emt 00:00:49]} dxc4 {[%clk 01:28:49]} {[%emt 00:01:17]}
10. Bxc4 {[%clk 01:27:00]} {[%emt 00:00:22]} Bxf3 {[%clk 01:28:46]} {[%emt
00:00:34]} 11. gxf3 {[%clk 01:27:12]} {[%emt 00:00:18]} Nc6 {[%clk 01:23:29]}
{[%emt 00:05:47]} 12. Rfd1 {[%clk 01:24:46]} {[%emt 00:02:56]} Nh5 {[%clk
01:20:06]} {[%emt 00:03:53]} 13. f4 {[%clk 01:21:45]} {[%emt 00:03:30]} Na5
{[%clk 01:19:24]} {[%emt 00:01:13]} 14. Be2 {[%clk 01:18:13]} {[%emt 00:04:01]}
Qh4 {[%clk 01:16:21]} {[%emt 00:03:33]} 15. Bf3 {[%clk 01:17:35]} {[%emt
00:01:08]} Rad8 {[%clk 01:11:17]} {[%emt 00:05:35]} 16. b4 {[%clk 01:13:06]}
{[%emt 00:04:58]} Nc4 {[%clk 01:02:26]} {[%emt 00:09:21]} 17. Qe2 {[%clk
01:13:20]} {[%emt 00:00:16]} Nf6 {[%clk 01:02:45]} {[%emt 00:00:11]} 18. Qxc4
{[%clk 01:13:20]} {[%emt 00:00:28]} Ng4 {[%clk 01:03:09]} {[%emt 00:00:08]} 19.
Bxg4 {[%clk 01:13:05]} {[%emt 00:00:45]} Qxg4+ {[%clk 01:03:31]} {[%emt
00:00:08]} 20. Kf1 {[%clk 01:13:08]} {[%emt 00:00:27]} Qh3+ {[%clk 01:03:37]}
{[%emt 00:00:25]} 21. Ke2 {[%clk 01:12:09]} {[%emt 00:01:29]} Qh5+ {[%clk
01:03:39]} {[%emt 00:00:27]} 22. Kd2 {[%clk 01:11:23]} {[%emt 00:01:17]} c5
{[%clk 01:01:57]} {[%emt 00:02:12]} 23. Kc2 {[%clk 01:04:43]} {[%emt 00:07:09]}
cxd4 {[%clk 01:02:18]} {[%emt 00:00:08]} 24. Rxd4 {[%clk 01:04:23]} {[%emt
00:00:49]} Rc8 {[%clk 01:02:30]} {[%emt 00:00:19]} 25. Qd3 {[%clk 00:59:41]}
{[%emt 00:05:12]} Qxh2 {[%clk 01:02:09]} {[%emt 00:00:50]} 26. Qd2 {[%clk
00:59:19]} {[%emt 00:00:52]} e5 {[%clk 00:59:15]} {[%emt 00:03:24]} 27. fxe5
{[%clk 00:54:09]} {[%emt 00:05:41]} Qxe5 {[%clk 00:59:33]} {[%emt 00:00:12]}
28. Kb2 {[%clk 00:53:59]} {[%emt 00:00:40]} a5 {[%clk 00:56:47]} {[%emt
00:03:16]} 29. b5 {[%clk 00:52:54]} {[%emt 00:01:35]} Qc5 {[%clk 00:51:03]}
{[%emt 00:06:13]} 30. a4 {[%clk 00:51:37]} {[%emt 00:01:47]} h5 {[%clk
00:48:50]} {[%emt 00:02:44]} 31. Rc1 {[%clk 00:50:34]} {[%emt 00:01:33]} Qe5
{[%clk 00:43:14]} {[%emt 00:06:06]} 32. Rd5 {[%clk 00:47:25]} {[%emt 00:03:39]}
Qh2 {[%clk 00:43:24]} {[%emt 00:00:19]} 33. f4 {[%clk 00:46:24]} {[%emt
00:01:31]} Qxd2+ {[%clk 00:42:27]} {[%emt 00:01:27]} 34. Rxd2 {[%clk 00:46:23]}
{[%emt 00:00:32]} Rfe8 {[%clk 00:42:49]} {[%emt 00:00:08]} 35. e4 {[%clk
00:46:09]} {[%emt 00:00:43]} Rc4 {[%clk 00:42:45]} {[%emt 00:00:35]} 36. Rd6
{[%clk 00:44:48]} {[%emt 00:01:51]} Rb4+ {[%clk 00:42:12]} {[%emt 00:01:03]}
37. Ka3 {[%clk 00:43:09]} {[%emt 00:02:09]} Re6 {[%clk 00:40:36]} {[%emt
00:02:05]} 38. Rxe6 {[%clk 00:41:55]} {[%emt 00:01:44]} fxe6 {[%clk 00:41:00]}
{[%emt 00:00:06]} 39. Rd1 {[%clk 00:42:07]} {[%emt 00:00:18]} Rc4 {[%clk
00:40:48]} {[%emt 00:00:42]} 40. Kb3 {[%clk 00:41:47]} {[%emt 00:00:49]} Rc5
{[%clk 00:39:56]} {[%emt 00:01:22]} 41. e5 {[%clk 00:40:56]} {[%emt 00:01:21]}
g5 {[%clk 00:39:32]} {[%emt 00:00:54]} 42. Ne4 {[%clk 00:41:07]} {[%emt
00:00:19]} 1-0